Zámek Bojnice u Prievidze

Zobrazenie: V bielom orámovaní pohľad z lietadla, z diaľky na zámok, čnejúci nad stromami. Pod zámkom vpravo je mesto a vľavo od mesta sú polia. Za zámkom je zalesnený kopec

Bibliographic Details
Format: Postcard
Language:Czech
PhysicalDescription:1 pohľadnica čiernobiela 9 x 14 cm
Published: V Praze Klub čsl. turistů 1922
Series:Pohledy s létadla
Subjects:

MARC

LEADER 00000ckm a2200000 a 4500
001 vtls001469395
003 SK-MaSNL
005 20260512123251.0
007 kp bo
008 240703s1922 xr g 0kucze
015 |a SNBG1922 
035 |a SNK000424700 
035 |a urn:nbn:sk:snk-km43cjg 
035 |a 4343CB7F-A70A-42F3-A501-7E12F3A6186D 
035 |a urn:nbn:sk:snk-km00egh8 
040 |a SNK  |b slo  |c SNK  |e AACR2 
041 0 |a cze 
043 |a e-xo--- 
044 |a xr  |c CZ 
072 7 |a 913  |x Regionálna geografia  |2 konspekt 
080 |a 913(437.6)  |2 2011 
080 |a 904:72  |2 2011 
080 |a 728.82  |2 2011 
080 |a 728.81  |2 2011 
080 |a 904(084.121)  |2 2011 
245 0 0 |a Zámek Bojnice u Prievidze  |h grafika 
260 |a V Praze  |b Klub čsl. turistů  |c 1922 
300 |a 1 pohľadnica  |b čiernobiela  |c 9 x 14 cm 
490 1 |a Pohledy s létadla  |v č. 141 
520 8 |a Zobrazenie: V bielom orámovaní pohľad z lietadla, z diaľky na zámok, čnejúci nad stromami. Pod zámkom vpravo je mesto a vľavo od mesta sú polia. Za zámkom je zalesnený kopec 
610 2 7 |a Bojnický zámok  |2 SNKKA  |9 32519 
650 0 7 |a národné kultúrne pamiatky  |2 SNKPH  |9 31192 
650 0 7 |a zámky  |2 SNKPH  |9 3041 
650 0 7 |a hrady  |2 SNKPH  |9 3039 
651 7 |a Bojnice (Slovensko)  |2 SNKPHgeo  |9 30288 
655 7 |a miestne pohľadnice  |2 SNKPH  |9 70510 
655 7 |a pohľadnice kultúrnych pamiatok  |2 SNKPH  |9 70523 
752 |a Česko  |d Praha 
830 0 |a Pohledy s létadla  |9 350747 
852 |a Slovenská národná knižnica 
958 |a EUIPO 
958 |a GBN 
958 |a GC 
958 |a OND 
999 |c 731214  |d 733144 
952 |t P60, <03>, [BOOK], {603}  |a SNK  |b SNK  |y PREZ  |7 0  |p 17A0413021  |o snkSP 59947  |8 0  |0 0  |1 0  |4 0  |d 2004-02-24  |f 1  |l 0  |r 2005-01-02 00:00:00  |w 2026-02-23